[Event "Titled Tuesday intern op 16th Apr Early"]
[Site "Chess.com INT"]
[Date "2024.04.16"]
[Round "5"]
[White "Rustemov, Alexander"]
[Black "Titarov, Vasilii"]
[Result "1-0"]
[WhiteElo "2525"]
[BlackElo "2093"]
[PlyCount "123"]
[EventDate "2024.04.16"]
[EventType "swiss (blitz)"]
[EventRounds "11"]
[EventCountry "USA"]
[SourceTitle "CB17_2024"]
[SourceDate "2024.04.24"]
[SourceVersion "1"]
[SourceVersionDate "2024.04.24"]
[SourceQuality "1"]

1. d4 d6 2. e4 Nf6 3. f3 e5 4. Ne2 Be7 5. c4 0-0 6. Nbc3 Re8 7. Be3 c6 8. d5 cxd5 9. cxd5 a6 10. Qd2 b5 11. Ng3 Nbd7 12. Be2 Nb6 13. b3 Bd7 14. 0-0 Rc8 15. Rfc1 Na8 16. a4 b4 17. Nd1 a5 18. Nb2 Rxc1+ 19. Rxc1 Nb6 20. Bd3 Qb8 21. Qf2 Rc8 22. Rxc8+ Nxc8 23. Nc4 Bd8 24. Bf1 Qb7 25. Ne2 Ne8 26. Nc1 Nc7 27. Nd3 Na8 28. g3 Qa6 29. Ndb2 Qb7 30. h4 f5 31. Bh3 fxe4 32. Bxd7 Qxd7 33. fxe4 Qg4 34. Nd2 Bxh4 35. Kg2 Bd8 36. Nbc4 Nab6 37. Qf3 Nxc4 38. Nxc4 Qg6 39. Qf5 Qxf5 40. exf5 Kf7 41. g4 h6 42. Kf3 Bc7 43. Ke4 Kf6 44. Nd2 Ne7 45. Bf2 Kf7 46. Bh4 g5 47. Bf2 Ng8 48. Kd3 Nf6 49. Kc4 Nxg4 50. Bg1 Nf6 51. Kb5 Nxd5 52. Kc6 Ne7+ 53. Kxc7 Nxf5 54. Nc4 e4 55. Nxa5 d5 56. Nc6 e3 57. Ne5+ Ke6 58. Nd3 d4 59. a5 Nh4 60. a6 Nf3 61. a7 Nxg1 62. a8Q 1-0

[Event "Titled Tuesday intern op 13th Feb Late"]
[Site "Chess.com INT"]
[Date "2024.02.13"]
[Round "2"]
[White "Rustemov, Alexander"]
[Black "Filipovic, Slobodan J"]
[Result "1-0"]
[WhiteElo "2525"]
[BlackElo "2191"]
[PlyCount "77"]
[EventDate "2024.02.13"]
[EventType "swiss (blitz)"]
[EventRounds "11"]
[EventCountry "USA"]
[SourceTitle "CB08_2024"]
[SourceDate "2024.02.21"]
[SourceVersion "1"]
[SourceVersionDate "2024.02.21"]
[SourceQuality "1"]

1. d4 e6 2. c4 Nf6 3. Nf3 c5 4. d5 exd5 5. cxd5 d6 6. Nc3 g6 7. h3 Bg7 8. e4 0-0 9. Bd3 b5 10. 0-0 b4 11. Nb1 a5 12. Nbd2 Nbd7 13. Nc4 Nb6 14. Nxb6 Qxb6 15. Nd2 Ba6 16. Bxa6 Qxa6 17. Qc2 Rfe8 18. Rb1 Ra7 19. f3 Nxd5 20. exd5 Bd4+ 21. Kh2 Qxf1 22. Nxf1 Re1 23. Bf4 Rae7 24. Bxd6 Rxb1 25. Qxb1 Re2 26. b3 Rxg2+ 27. Kxg2 f5 28. Qd3 g5 29. Qb5 f4 30. Qe8+ Kg7 31. Be5+ Bxe5 32. Qxe5+ Kf7 33. d6 g4 34. hxg4 h5 35. d7 hxg4 36. d8Q gxf3+ 37. Kxf3 c4 38. Qd7+ Kf8 39. Qeg7# 1-0